Cours d'Analyse

Αποθηκεύτηκε σε:
Λεπτομέρειες βιβλιογραφικής εγγραφής
Κύριος συγγραφέας: Choquet, Gustave (Συγγραφέας)
Μορφή: Βιβλίο
Γλώσσα:Γαλλικά
Έκδοση: París Masson et Cie. 1964
Θέματα:
Ετικέτες: Προσθήκη ετικέτας
Δεν υπάρχουν, Καταχωρήστε ετικέτα πρώτοι!

MARC

LEADER 00000cam a2200000 a 4500
001 UCF2471
003 CL-VaPUC
008 120824e19640000FR |||||||||||||||||fre|d
082 0 4 |a 515  |b CHO  |2 21 
100 0 |a Choquet, Gustave  |e author  |9 564120 
245 1 0 |a Cours d'Analyse 
300 |a t 
942 |c BK 
945 |d 20120824 00:00:00  |a dcastane 
260 |a París  |b Masson et Cie.  |c 1964 
500 |a t.2: Topologie 
650 0 |a Análisis matemático   |9 260146 
650 0 |a Topología   |9 260092 
650 0 |a Álgebra  |9 259567 
650 0 |a Cálculo diferencial   |9 260102 
583 |a last modification  |c 20120824 12:41:00  |k Rodrigo Vera 
999 |c 349032  |d 349030 
952 |0 0  |1 0  |4 0  |6 515_000000000000000_CHO_1964  |7 0  |8 A  |9 451408  |a BIBMAT  |b BIBMAT  |d 2019-11-22  |h t.2  |i 4888480  |o 515 CHO 1964  |p 4888480  |r 2025-01-07  |w 2019-11-22  |y BK  |k MAT